अनुसूचित जातिओ का मानवाधिकार भूगोल (Record no. 39884)
[ view plain ]
| 000 -LEADER | |
|---|---|
| fixed length control field | 04126nam a22001937a 4500 |
| 020 ## - INTERNATIONAL STANDARD BOOK NUMBER | |
| ISBN | 9788180695735 |
| 041 ## - LANGUAGE CODE | |
| Language code of text/sound track or separate title | HIN |
| 082 ## - DEWEY DECIMAL CLASSIFICATION NUMBER | |
| Classification number | 305.800954 |
| Item number | PAS-A |
| 100 ## - MAIN ENTRY--AUTHOR NAME | |
| Personal name | पासवान, तुलसी दास |
| Relator term | लेखक |
| Fuller form of name | Tulsi Das Paswan |
| 245 ## - TITLE STATEMENT | |
| Title | अनुसूचित जातिओ का मानवाधिकार भूगोल |
| Statement of responsibility, etc | तुलसी दास पासवान |
| 246 ## - VARYING FORM OF TITLE | |
| Title proper/short title | Ansuchit Jatiyo ka Manav Adikar Bhugol |
| 260 ## - PUBLICATION, DISTRIBUTION, ETC. (IMPRINT) | |
| Place of publication | नई दिल्ली : |
| Name of publisher | कांसेप्ट पब्लिशिंग कंपनी, |
| Year of publication | 2008. |
| 300 ## - PHYSICAL DESCRIPTION | |
| Number of Pages | 148p.; |
| 520 ## - SUMMARY, ETC. | |
| Summary, etc | प्रस्तुत पुस्तक अनुसूचित जाति के मानवाधिकारों के आयामों के भौगोलिक विस्तार के परीक्षण से संबंधित है। अध्ययन क्षेत्र पूर्वी उत्तर प्रदेश के तमकुही राज तहसील (जनपद कुशीनगर) में चमार, कहार, डोम, धोबी, भंगी, हलालखोर, दुसाध जैसे अनुसूचित जातियों के निवास की गुणवत्ता, जीवनस्तर, बीमारी, भुखमरी, ऋणग्रस्तता, बेरोजगारी, कृषि संसाधनों की सीमान्तता, भूस्वामित्व का खोखलापन आदि को प्रकाश में लाती है। अनुसूचित जातियां बंधुआ मजदूरी के प्रत्यक्ष रूप पैतृक व्यवसायों में अधिकतर संलग्न हैं। पुस्तक में संबंधित क्षेत्र के कृषि प्रदेशों में अनुसूचित जातियों की सहभागिता, मानवाधिकार की वंचना, संसाधनों की सीमांतता जैसे तथ्यों के भौगोलिक वितरण का परीक्षण कर यह स्पष्ट करता है कि मानवाधिकारों पर पिछले पचास वर्षों में किये गये प्रयास अधूरे हैं। पुस्तक नियोजन नीति के दर्शन एवं कार्यान्वयन के आमूल-चूल परिवर्तन की मांग करती है। क्षेत्र के 29 प्रतिचयित ग्रामों से अनुभवपरक उदाहरण तालिकाओं, मानचित्रों आदि के द्वारा प्रस्तुत किये गये हैं। भूगोल की दो, नवोदित शाखाओं, भूस्वामित्व भूगोल एवं मानवाधिकार भूगोल, की संकल्पनाएँ प्रस्तुत की गई हैं। आशा की जाती है कि पुस्तक भूगोल शोधार्थियों के अलावा चिन्तकों, समाजसेवियों, प्रशासनिकों, नीति निर्धारकों एवं राजनेताओं के लिए उपयोगी सिद्ध होगी तथा दलितों के उत्थान हेतु जमीनी प्रयासों के कार्यान्वयन हेतु प्रेरित करेगी। |
| 546 ## - LANGUAGE NOTE | |
| Language note | Hindi |
| 650 ## - SUBJECT ADDED ENTRY--TOPICAL TERM | |
| Topical Term | सामाजिक न्याय |
| Form subdivision | मानवाधिकार अध्ययन |
| General subdivision | मानव भूगोल |
| Geographic subdivision | राष्ट्रीय स्तर |
| 942 ## - ADDED ENTRY ELEMENTS (KOHA) | |
| Source of classification or shelving scheme | Dewey Decimal Classification |
| Koha item type | Books |
| Withdrawn status | Lost status | Damaged status | Not for loan | Collection code | Home library | Current library | Date acquired | Source of acquisition | Bill Date | Full call number | Accession Number | Price effective from | Koha item type |
|---|---|---|---|---|---|---|---|---|---|---|---|---|---|
| हिंदी पुस्तकों पर विशेष संग्रह | NASSDOC Library | NASSDOC Library | 09/03/2026 | Gifted | NA | 305.800954 PAS-A | 54915 | 09/03/2026 | Books |
